Osmanlı devrinde son sadrıazamlar (Record no. 5083)

MARC details
000 -BAŞLIK
Sabit Uzunlukta Kontrol Alanı 00971na a2200277 4500
001 - KONTROL NUMARASI
Denetim Alanı 16247
003 - KONTROL NUMARASI IDENTIFIER
Denetim Alanı MIRAKIL
005 - SON İŞLEM TARİHİ VE ZAMANI
Denetim Alanı 20181213155027.0
008 - SABİT-BOY VERİ ELEMANLARI - GENEL BİLGİLER
Sabit Uzunlukta Kontrol Alanı 161001b tu 000 0
035 ## - SİSTEM KONTROL NUMARASI
Sistem Kontrol Numarası 16247
040 ## - KATALOGLAMA KAYNAK
Orijinal Kataloglama Ajansı Milas
Kataloglama Dili tur
Metne Dönüştürmek Ajansı TR-AnCHP
082 ## - DEWEY ONLU SINIFLANDIRMA NUMARASI
Sınıflandırma Numarası 956.10150922
Ürün Numarası İ52o [196?]
090 ## - SINIFLAMA NUMARASI
Sınıflama Numarası 956.10150922 İ52o [196?]
100 ## - ANA GİRİŞ - KİŞİSEL İSİM
Kişisel Ad İnal, Mahmud Kemal
Bir Adıyla İlişkilendirilen Tarihler 1870-1957
245 ## - BAŞLIK TABLOSU
Başlık Osmanlı devrinde son sadrıazamlar
Başlığın Kalan Mehmed Esad Safvet-Hayrüddin Paşalar
Sorumluluk Tablosu, Vb Mahmud Kemal İnal
246 ## - UNVAN FORM VARYING
Başlık Doğru / Kısa Başlığı Mehmed Esad Safvet-Hayrüddin Paşalar
246 ## - UNVAN FORM VARYING
Başlık Doğru / Kısa Başlığı Son sadrıazamlar
250 ## - EDITION TABLOSU
Baskı Beyanı 4. bs.
260 ## - YAYIN, DAĞITIM, VB
Yayın, Dağıtım, Vb Yeri İstanbul
Yayıncı, Dağıtıcı, Vs Adı Milli Eğitim Bakanlığı
Yayın, Dağıtım, Vb Tarihi [196?]
300 ## - FİZİKSEL TANIM
Kapsam c. "6" (ss. 801-960)
Boyutlar 24 sm.
500 ## - GENEL NOT
Genel Not Kütüphanemizde 6. cilt bulunmaktadır.
650 ## - KONU KATMA GİRİŞ - TOPİKAL DÖNEM
Topikal Süreli Veya Coğrafi Ad Giriş Elemanı Sadrazamlar
Genel Alt Bölümü Siyasi yaşamı
651 ## - KONU KATMA GİRİŞ - COĞRAFİ ADI
Coğrafi İsim Osmanlı İmparatorluğu
Genel Alt Bölümü Devlet adamları
Kronolojik Alt Bölümü Yaşamöyküsü
651 ## - KONU KATMA GİRİŞ - COĞRAFİ ADI
Coğrafi İsim Osmanlı İmparatorluğu
Genel Alt Bölümü Sadrazamlar
Kronolojik Alt Bölümü Yaşamöyküsü
942 ## - EKLENDİ GİRİŞ ELEMANLARI (KOHA)
Sınıflandırma Veya Raf Düzeni Kaynak Dewey Decimal Classification
Koha Öğesi Türü Books
999 ## - SİSTEM KONTROL NUMARALARI (KOHA)
Koha Biblionumber 5083
Koha Biblioitemnumber 5083
Holdings
Kalıcı Konum Mevcut Konum Edinme Tarihi Edinim Kaynak Seri Numaralandırma / Kronolojik Toplam Check-Out'Lar Tam Çağrı Numarası Barkod Tarih Son Görülme İtibaren Geçerli Fiyatlar Koha Öğesi Türü
CHP Kütüphanesi CHP Kütüphanesi 10/01/2016 Bağış c.5   956.10150922 İ52o [196?] 005148 10/01/2016 10/01/2016 Books